Регионална библиотека "Любен Каравелов" - Русе

Джим Копчето (Запис номер 26945)

MARC детайли
000 -Лидер
Контролно поле с фиксирана дължина 01183nam a2200313 c 4500
003 - Код на организацията, давaща контролен номер
Контролно поле BLK
005 - Дата и час на последна редакция
Контролно поле 20180420220122.0
008 - Елементи от данни с фиксирана дължина
fixed length control field 180413b bul|||||r ||||||| ||bul||
010 ## - Наследен системен номер
LC control number KNG00029506000
020 ## - Международен стандартен номер на книга ISBN
Международен стандартен номер на книга ISBN 954-657-282-9
-- издат.: Пан
040 ## - Източник на каталожния запис
Идентификатор на билиотеката - собственик на записа BLK
041 ## - Код за език
Код за езика на текст/звукозапис или на отделно заглавие Български
Код за езика КДБФ Български
080 ## - УДК
Текстов определител УДК Немска литература
УДК код - определител по УДК 821.112.2
УДК определител -93-31
УДК - код + определител 821.112.2-93-31
100 1# - Редна дума - Автор
Автор Енде, Михаел
Авторска отговорност първи автор
R(LIN) 267386
139 ## - Редно поле
Редна дума Енде, Михаел
Авторски знак Енд - Е 63
245 10 - Сведения за заглавието
Заглавие Джим Копчето
Подзаглавни данни Роман
Редно поле (дума) Михаел Енде; прев. от нем. Дарина Узунова.
257 ## - Страна на издаване
Страна на създаване/издаване Германия
260 ## - Област на издателските данни
-- София
Име на издателя, разпространителя и проч. Пан
Година на издаване 2000
Печатница София : Балкан прес
300 ## - Физическа характеристика
Страници 304 с.
Размери/Мащаб 20 см
380 ## - Жанр
Жанр Худож. лит.
490 1# - СЕРИИ (Колекции)
Име на серия Вечните детски романи
№: серия 69
500 ## - Общи забележки
Забележка Ориг. загл. Jim Knopf and Lukas / Michael Ende. - Съдържа и За книгата и автора.
700 1# - Други автори (авторска отговорност)
Лично име Узунова, Дарина
Автороска отговорност (Описва отношението между автора и произведението) прев. от нем.
9 (RLIN) 269019
852 ## - Местоположение
Форматна сигнатура Цб 202708
856 4# - Електронен адрес и достъп
Електронен формат pdf - файл
Път до файла /url/
856 4# - Електронен адрес и достъп
Електронен формат pdf - файл
Път до файла /url/
942 ## - АРТИКУЛИ
Вид на библиотечния материал Книги
Скрит в OPAC Не
944 ## - СЪЗДАВАНЕ И РЕДАКЦИЯ на ЗАПИСА
Създаване/Редакция Създаване
Дата на регистрацията/редакция 15.01.2003
Служител, извършил регистрацията/редакцията Геновева_Генчева
944 ## - СЪЗДАВАНЕ И РЕДАКЦИЯ на ЗАПИСА
Създаване/Редакция Редакция
Дата на регистрацията/редакция 17.10.2012
Служител, извършил регистрацията/редакцията
999 ## - СИСТЕМНИ КОНТРОЛНИ НОМЕРА
Koha biblionumber 26945
Koha biblioitemnumber 26945
Наличности
Код за отписване Код за изгубен артикул Код за повреда Коз за рестрикции Код за отдаване Артикулен № Име на библиотеката - собственик Име на библиотеката, в която се намира в момента Статус (Текущо местоположение) Дата на вписване в системата Местоположение - отдел Цена в лева Инвентарен номер Систематично азбучна сигнатура Баркод Номер на екземпляра Цена в евро Служебна бележка Служебен тип на артикула Бележка за публиката Източник на класификационната схема
Изтеглен Не е изгубен Не е повреден без рестрикции заемане за дома 43650 Регионална библиотека "Любен Каравелов" Русе Регионална библиотека "Любен Каравелов" Русе   2001-08-20 Детски отдел 3.50 651682 ДХ 820/899/Е 63 651682 1 1.79 Дост: Pk Вид: Ф N: стар номер Дата: 20.08.2001 Дата инв: 10.09.2015 Бележки инв: Д2015 Книги Отч.N: 48/17 , Дата: 06.10.2017  
Изтеглен Не е изгубен Не е повреден без рестрикции заемане за дома 43651 Регионална библиотека "Любен Каравелов" Русе Регионална библиотека "Любен Каравелов" Русе Детски отдел 2002-08-20 Детски отдел 3.50 120000671497 ДХ 820/899/Е 63 120000671497 2 1.79 Дост: Ak Вид: Г N: 28 Дата: 20.08.2002 Дата инв: 10.09.2015 Бележки инв: Д2015 Книги   Universal Decimal Classification
  Не е изгубен Не е повреден без рестрикции ползва се в читалня 43652 Регионална библиотека "Любен Каравелов" Русе Регионална библиотека "Любен Каравелов" Русе Хранилище 2003-10-30 Хранилище 3.50 120000679502 Цб 202708 120000679502 3 1.79 Дост: Dp Вид: Д N: 45 Дата: 30.10.2002 Книги    
Vip Innovations Ltd, Rousse, Bulgaria 2025